Music Quiz

Random Music or Album Quiz

The Complete Beatles Part 1 Quiz Stats

 Plays Quiz not verified by Sporcle

Score 0/272 Timer 20:00
0 Plays Today
Album Song % Correct
Please Please Me (UK)Twist And Shout
94.6%
Twist and Shout EP (UK)Twist A Shout
94.6%
Something New (US)Komm, Gib Mir Deine Hand
94.6%
Please Please Me (UK)Please Please Me
93.7%
The Beatles' Hits EP (UK)Please Please Me
93.7%
Meet The Beatles! (US)I Want to Hold Your Hand
92.8%
A Hard Day's Night (UK)A Hard Day's Night
92.8%
A Hard Day's Night (US)A Hard Day's Night
92.8%
A Hard Day's Night (US)George Martin & His Orchestra - A Hard Day's Night (Instrumental)
91.9%
Please Please Me (UK)I Saw Her Standing There
90.1%
Please Please Me (UK)Love Me Do
90.1%
With The Beatles (UK)All My Loving
90.1%
The Beatles' Hits EP (UK)Love Me Do
90.1%
The Beatles (No. 1) EP (UK)I Saw Her Standing There
90.1%
Meet The Beatles! (US)I Saw Her Standing There
90.1%
Meet The Beatles! (US)All My Loving
90.1%
All My Loving EP (UK)All My Loving
90.1%
Four by The Beatles EP (US)All My Loving
90.1%
Please Please Me (UK)Boys
85.6%
Tony Sheridan and The Beat Brothers - My Bonnie EP (UK)My Bonnie
85.6%
The Beatles' Second Album (US)Long Tall Sally
85.6%
Long Tall Sally EP (UK)Long Tall Sally
85.6%
A Hard Day's Night (US)Can't Buy Me Love
84.7%
A Hard Day's Night (UK)Can't Buy Me Love
83.8%
The Beatles' Second Album (US)She Loves You
82.9%
Please Please Me (UK)Anna (Go to Him)
81.1%
The Beatles (No. 1) EP (UK)Anna (Go To Him)
81.1%
Please Please Me (UK)Chains
80.2%
With The Beatles (UK)Roll Over Beethoven
80.2%
The Beatles (No. 1) EP (UK)Chains
80.2%
The Beatles' Second Album (US)Roll Over Beethoven
80.2%
Please Please Me (UK)P.S. I Love You
78.4%
Please Please Me (UK)Do You Want to Know a Secret
78.4%
Twist and Shout EP (UK)Do You Want to Know a Secret
78.4%
All My Loving EP (UK)P.S. I Love You
78.4%
Four by The Beatles EP (US)Roll Over Beethoven
78.4%
With The Beatles (UK)Please Mister Postman
77.5%
The Beatles' Hits EP (UK)From Me To You
77.5%
The Beatles' Second Album (US)Please Mister Postman
77.5%
A Hard Day's Night (UK)If I Fell
77.5%
A Hard Day's Night (US)If I Fell
77.5%
Something New (US)If I Fell
77.5%
Four by The Beatles EP (US)Please Mister Postman
77.5%
All My Loving EP (UK)Money (That's What I Want)
76.6%
Please Please Me (UK)Misery
75.7%
With The Beatles (UK)Money (That's What I Want)
75.7%
The Beatles (No. 1) EP (UK)Misery
75.7%
The Beatles' Second Album (US)Money (That's What I Want)
75.7%
Extracts from the Film A Hard Day's Night EP (UK)If I Fell
74.8%
Please Please Me (UK)A Taste Of Honey
73.9%
Twist and Shout EP (UK)A Taste Of Honey
73.9%
Beatles for Sale (UK)Eight Days A Week
73%
With The Beatles (UK)I Wanna Be Your Man
71.2%
Meet The Beatles! (US)I Wanna Be Your Man
71.2%
Beatles for Sale (UK)No Reply
70.3%
Beatles for Sale (UK)I'm A Loser
70.3%
Beatles for Sale (UK)Baby's In Black
68.5%
Please Please Me (UK)Ask Me Why
67.6%
A Hard Day's Night (UK)I Should Have Known Better
67.6%
A Hard Day's Night (UK)I'm Happy Just to Dance with You
67.6%
A Hard Day's Night (US)I'm Happy Just to Dance with You
67.6%
A Hard Day's Night (US)I Should Have Known Better
67.6%
Something New (US)I'm Happy Just to Dance with You
67.6%
All My Loving EP (UK)Ask Me Why
67.6%
A Hard Day's Night (UK)And I Love Her
66.7%
A Hard Day's Night (US)George Martin & His Orchestra - I Should Have Known Better (Instrumental)
66.7%
A Hard Day's Night (US)George Martin & His Orchestra - And I Love Her (Instrumental)
66.7%
A Hard Day's Night (US)And I Love Her
66.7%
Something New (US)And I Love Her
65.8%
With The Beatles (UK)Don't Bother Me
64.9%
Meet The Beatles! (US)Don't Bother Me
64.9%
Beatles for Sale (UK)I'll Follow The Sun
64.9%
Beatles for Sale (UK)Mr. Moonlight
64.9%
Extracts from the Film A Hard Day's Night EP (UK)I Should Have Known Better
64.9%
With The Beatles (UK)It Won't Be Long
64%
With The Beatles (UK)Devil In Her Heart
64%
Meet The Beatles! (US)It Won't Be Long
64%
A Hard Day's Night (US)George Martin & His Orchestra - Ringo's Theme (This Boy Instrumental)
64%
Four by The Beatles EP (US)This Boy
64%
Extracts from the Film A Hard Day's Night EP (UK)And I Love Her
64%
Please Please Me (UK)There's A Place
63.1%
Twist and Shout EP (UK)There's A Place
63.1%
Meet The Beatles! (US)This Boy
63.1%
Beatles '65 (US)I'm A Loser
63.1%
The Beatles' Second Album (US)Devil In Her Heart
62.2%
Beatles '65 (US)No Reply
62.2%
Beatles '65 (US)Baby's In Black
61.3%
A Hard Day's Night (UK)Any Time At All
60.4%
Something New (US)Any Time At All
60.4%
Something New (US)Matchbox
60.4%
Long Tall Sally EP (UK)Matchbox
60.4%
Album Song % Correct
Please Please Me (UK)Baby It's You
59.5%
Beatles for Sale (UK)I Don't Want to Spoil the Party
59.5%
With The Beatles (UK)Till There Was You
58.6%
Meet The Beatles! (US)Till There Was You
58.6%
Beatles '65 (US)Mr. Moonlight
58.6%
With The Beatles (UK)All I've Got to Do
57.7%
Meet The Beatles! (US)All I've Got To Do
57.7%
Beatles '65 (US)I'll Follow the Sun
57.7%
Extracts from the Album A Hard Day's Night EP (UK)Anytime At All
57.7%
With The Beatles (UK)Little Child
56.8%
Meet The Beatles! (US)Little Child
56.8%
The Beatles' Second Album (US)I'll Get You
56.8%
A Hard Day's Night (UK)I'll Cry Instead
56.8%
A Hard Day's Night (US)I'll Cry Instead
56.8%
Beatles for Sale (UK)Rock and Roll Music
56.8%
A Hard Day's Night (UK)Things We Said Today
55.9%
A Hard Day's Night (US)Tell Me Why
55.9%
Something New (US)I'll Cry Instead
55.9%
Something New (US)Things We Said Today
55.9%
Beatles for Sale (UK)Kansas City-Hey, Hey, Hey, Hey
55.9%
Beatles '65 (US)I Feel Fine
55.9%
With The Beatles (UK)You Really Got a Hold on Me
55%
A Hard Day's Night (UK)Tell Me Why
55%
A Hard Day's Night (UK)I'll Be Back
55%
The Beatles' Hits EP (UK)Thank You Girl
54.1%
Something New (US)Tell Me Why
54.1%
Extracts from the Album A Hard Day's Night EP (UK)I'll Cry Instead
54.1%
A Hard Day's Night (UK)When I Get Home
53.2%
Something New (US)When I Get Home
53.2%
Extracts from the Film A Hard Day's Night EP (UK)Tell Me Why
53.2%
The Beatles' Second Album (US)Thank You Girl
52.3%
The Beatles' Second Album (US)You Can't Do That
52.3%
Extracts from the Album A Hard Day's Night EP (UK)Things We Said Today
52.3%
With The Beatles (UK)Not A Second Time
51.4%
Meet The Beatles! (US)Not A Second Time
51.4%
A Hard Day's Night (UK)You Can't Do That
51.4%
Extracts from the Album A Hard Day's Night EP (UK)When I Get Home
51.4%
With The Beatles (UK)Hold Me Tight
50.5%
Meet The Beatles! (US)Hold Me Tight
50.5%
Beatles for Sale (UK)Words Of Love
50.5%
Beatles '65 (US)Rock and Roll Music
50.5%
Long Tall Sally EP (UK)Slow Down
50.5%
Something New (US)Slow Down
49.5%
Long Tall Sally EP (UK)I Call Your Name
48.6%
The Beatles' Second Album (US)I Call Your Name
47.7%
Beatles for Sale (UK)Honey Don't
47.7%
Beatles for Sale (UK)Everybody's Trying to Be My Baby
47.7%
Beatles '65 (US)Everybody's Trying to Be My Baby
47.7%
Beatles '65 (US)I'll Be Back
45.9%
Beatles for Sale (UK)Every Little Thing
44.1%
Introducing... The Beatles (US)Twist and Shout
43.2%
Twist and Shout (CAN)Twist And Shout
43.2%
Twist and Shout (CAN)Please Please Me
43.2%
The Beatles' Long Tall Sally (CA)I Want To Hold Your Hand
43.2%
The Beatles' Story (US)A Hard Day's Night – Their First Movie
43.2%
Introducing... The Beatles (US)I Saw Her Standing There
42.3%
The Beatles Beat (GER)Can't Buy Me Love
42.3%
The Beatles Beat (GER)I Want To Hold Your Hand
42.3%
The Beatles' Long Tall Sally (CA)Long Tall Sally
42.3%
Requests EP (NZ)Long Tall Sally
42.3%
Beatles '65 (US)Honey Don't
41.4%
Introducing... The Beatles (US)Love Me Do
41.4%
Beatlemania! With The Beatles (CAN)All My Loving
41.4%
Twist and Shout (CAN)Love Me Do
41.4%
The Beatles Beat (GER)She Loves You
41.4%
Tony Sheridan and The Beat Brothers - My Bonnie EP (UK)The Saints
40.5%
Introducing... The Beatles (US)Boys
40.5%
Twist and Shout (CAN)She Loves You
40.5%
Twist and Shout (CAN)Boys
40.5%
The Beatles' Long Tall Sally (CA)I Saw Her Standing There
40.5%
Beatles '65 (US)She's A Woman
39.6%
Tony Sheridan and The Beat Brothers - My Bonnie (GER)My Bonnie
39.6%
Beatlemania! With The Beatles (CAN)Roll Over Beethoven
39.6%
The Beatles with Tony Sheridan & Guests (US)The Beatles with Tony Sheridan - My Bonnie
39.6%
Requests EP (NZ)Boys
39.6%
Introducing... The Beatles (US)Do You Want to Know a Secret
38.7%
Introducing... The Beatles (US)P.S. I Love You
38.7%
Introducing... The Beatles (US)Anna (Go to Him)
38.7%
Twist and Shout (CAN)Do You Want to Know a Secret
38.7%
Twist and Shout (CAN)P.S. I Love You
38.7%
Twist and Shout (CAN)Anna (Go to Him)
38.7%
The Beatles Beat (GER)Roll Over Beethoven
38.7%
The Beatles Beat (GER)From Me To You
38.7%
Introducing... The Beatles (US)Chains
37.8%
Beatlemania! With The Beatles (CAN)I Wanna Be Your Man
37.8%
Twist and Shout (CAN)Chains
37.8%
The Beatles Beat (GER)Money
37.8%
Souvenir of Their Visit to America EP (US)Anna (Go to Him)
37.8%
Requests EP (NZ)Please Mister Postman
37.8%
Beatlemania! With The Beatles (CAN)Money (That's What I Want)
36.9%
Beatlemania! With The Beatles (CAN)Please Mister Postman
36.9%
Album Song % Correct
Twist and Shout (CAN)From Me To You
36.9%
The Beatles Beat (GER)Please Mr. Postman
36.9%
The Beatles' Long Tall Sally (CA)Please Mister Postman
36.9%
The Beatles' Long Tall Sally (CA)Roll Over Beethoven
36.9%
Beatlemania! With The Beatles (CAN)It Won't Be Long
36%
Introducing... The Beatles (US)A Taste Of Honey
35.1%
Introducing... The Beatles (US)Misery
35.1%
Twist and Shout (CAN)A Taste of Honey
35.1%
Souvenir of Their Visit to America EP (US)A Taste Of Honey
35.1%
The Beatles Again EP (NZ)A Hard Day's Night
35.1%
Tony Sheridan and The Beat Brothers - My Bonnie EP (UK)Cry For A Shadow
34.2%
The Beatles' Long Tall Sally (CA)Misery
34.2%
Non Album Single 1964Sie Liebt Dich
33.3%
Beatles for Sale (UK)What You're Doing
32.4%
Beatlemania! With The Beatles (CAN)Don't Bother Me
32.4%
A Hard Day's Night No.1 EP (NZ)And I Love Her
32.4%
Tony Sheridan and The Beat Brothers - My Bonnie EP (UK)Why
31.5%
Souvenir of Their Visit to America EP (US)Misery
31.5%
The Beatles' Long Tall Sally (CA)I'll Get You
31.5%
Beatles No.2 EP (NZ)Roll Over Beethoven
31.5%
Introducing... The Beatles (US)There's A Place
30.6%
Beatlemania! With The Beatles (CAN)Devil In Her Heart
30.6%
Beatlemania! With The Beatles (CAN)Hold Me Tight
30.6%
Beatlemania! With The Beatles (CAN)All I've Got to Do
30.6%
Twist and Shout (CAN)There's A Place
30.6%
Twist and Shout (CAN)Ask Me Why
30.6%
The Beatles Beat (GER)Hold Me Tight
30.6%
The Beatles' Long Tall Sally (CA)I Call Your Name
30.6%
The Beatles' Long Tall Sally (CA)Devil in Her Heart
30.6%
The Beatles Again EP (NZ)Matchbox
30.6%
The Beatles Again EP (NZ)Things We Said Today
30.6%
A Hard Day's Night No.1 EP (NZ)Tell Me Why
30.6%
Ain't She Sweet (US)Ain't She Sweet
30.6%
Beatlemania! With The Beatles (CAN)Not A Second Time
29.7%
Beatlemania! With The Beatles (CAN)You Really Got a Hold on Me
29.7%
Beatlemania! With The Beatles (CAN)Little Child
29.7%
The Beatles Beat (GER)You Can't Do That
29.7%
The Beatles Beat (GER)I'll Get You
29.7%
Souvenir of Their Visit to America EP (US)Ask Me Why
29.7%
The Beatles' Long Tall Sally (CA)You've Really Got a Hold on Me
29.7%
Introducing... The Beatles (US)Baby It's You
28.8%
Twist and Shout (CAN)Baby It's You
28.8%
The Beatles Beat (GER)Till there Was You
28.8%
The Beatles' Long Tall Sally (CA)This Boy
28.8%
Requests EP (NZ)I Call Your Name
28.8%
The Beatles' Long Tall Sally (CA)You Can't Do That
27.9%
Beatles No.2 EP (NZ)I Should Have Known Better
27.9%
Beatlemania! With The Beatles (CAN)Till There Was You
27%
The Beatles Beat (GER)Thank You Girl
27%
The Beatles Again EP (NZ)Slow Down
27%
The Beatles' Second Album (US)You've Really Got a Hold on Me
26.1%
The Beatles with Tony Sheridan & Guests (US)Cry for a Shadow
26.1%
A Hard Day's Night No.1 EP (NZ)When I Get Home
26.1%
Beatles No.2 EP (NZ)I'm Happy Just To Dance With You
26.1%
Beatles No.2 EP (NZ)Till There Was You
24.3%
Tony Sheridan and The Beat Brothers - My Bonnie (GER)The Saints
19.8%
The Beatles with Tony Sheridan & Guests (US)The Beatles with Tony Sheridan - The Saints
18.9%
The Beatles' Story (US)Paul McCartney
18.9%
The Beatles' Story (US)George Harrison
18.9%
The Beatles' Story (US)John Lennon
18.9%
The Beatles' Story (US)Brian Epstein - Man Behind the Beatles
18.9%
The Beatles with Tony Sheridan & Guests (US)The Beatles with Tony Sheridan - Why
18%
Tony Sheridan and The Beat Brothers - My Bonnie (GER)Sweet Georgia Brown
17.1%
The Beatles' Story (US)Ringo Starr
17.1%
The Beatles' Story (US)George Martin - Man Behind the Music
17.1%
The Beatles' Story (US)Sneaky Haircuts and More About Paul
15.3%
The Beatles' Story (US)Beatles Will Be Beatles
15.3%
The Beatles' Story (US)Beatle Medley
14.4%
Ain't She Sweet (US)Take Out Some Insurance On Me, Baby
13.5%
Ain't She Sweet (US)Sweet Georgia Brown
13.5%
The Beatles' Story (US)Liverpool and All the World!
13.5%
The Beatles' Story (US)Who's a Millionaire?
13.5%
Tony Sheridan and The Beat Brothers - My Bonnie (GER)Skinny Minnie
12.6%
The Beatles' Story (US)Victims' of Beatlemania
12.6%
The Beatles' Story (US)The Beatles Look at Life
12.6%
Tony Sheridan and The Beat Brothers - My Bonnie (GER)Swanee River
11.7%
The Beatles with Tony Sheridan & Guests (US)Swanee River (a.k.a. The Old Folks at Home)
11.7%
Ain't She Sweet (US)Nobody's Child
10.8%
Tony Sheridan and The Beat Brothers - My Bonnie (GER)Let's Twist Again
9%
Tony Sheridan and The Beat Brothers - My Bonnie (GER)Hallelujah, I Love Her So
8.1%
Tony Sheridan and The Beat Brothers - My Bonnie (GER)Whole Lotta Shakin' Goin On
8.1%
Tony Sheridan and The Beat Brothers - My Bonnie (GER)Top Ten Twist
7.2%
Tony Sheridan and The Beat Brothers - My Bonnie (GER)Ready Teddy
7.2%
Tony Sheridan and The Beat Brothers - My Bonnie (GER)You Are My Sunshine
7.2%
Tony Sheridan and The Beat Brothers - My Bonnie (GER)I Know Baby
7.2%
The Beatles with Tony Sheridan & Guests (US)The Beatles with Tony Sheridan - You Are My Sunshine
7.2%
A Hard Day's Night No.1 EP (NZ)If If Fell
7.2%
The Beatles' Story (US)Beatlemania in Action
7.2%
The Beatles' Story (US)How Beatlemania Began
7.2%
The Beatles' Story (US)On Stage with the Beatles
6.3%

You're not logged in!

Compare scores with friends on all Sporcle quizzes.
OR
Log In

Show Comments

Extras

Top Quizzes Today


Score Distribution

Your Account Isn't Verified!

In order to create a playlist on Sporcle, you need to verify the email address you used during registration. Go to your Sporcle Settings to finish the process.

Report this User

Report this user for behavior that violates our Community Guidelines.

Details: